000 00299nam a22001457a 4500
003 SGT
082 _a615
_bP15N
100 _aN,KUMAR
245 _aTEXT BOOK OF PHARMACOGNOSY
250 _a1ST
260 _aDELHI
_bAITBS PUB
_c2015
300 _a408
650 _aPHARMACOGNOSY
942 _2ddc
_cBK
_02
999 _c8708
_d8708